000 00476nam a2200169Ia 4500
003 OSt
005 20220422092330.0
008 211119s9999||||xx |||||||||||||| ||und||
040 _csbcl
082 _a823
_bBAS-P
100 _aBasheer, Vaikom Muhammad
245 0 _aPattmmas Goat
260 _bMathrubhoomi
_aKozhikodu
_c2015
300 _a103p
650 _aLiterature & rhetoric
_vEnglish & Old English literatures English fictionMalayalam
_xGeneral Stack
942 _cBOOK
999 _c119851
_d119851